000 00854nam a22002417a 4500
999 _c15907
_d15907
003 AR-CdUCM
008 190430b ||||| |||| 00| 0 spa d
040 _aMUNICIPALIDAD PROVINCIAL DEL CUSCO
_cBIBLIOTECA MUNICIPAL DEL CUSCO
082 _aEP / 628.44 /
_bM22
110 _aCentro Guaman Poma de Ayala (Cusco)
_935129
245 _aManejo de manejo de residuos sólidos orgánicos /
260 _aCusco :
_bCentro Guaman Poma de Ayala,
_c2009.
300 _a32 páginas ;
_bilustraciones,
_c20 cm.
650 _aResiduos sólidos
_935130
650 _aCusco
_9772
650 _aProtección ambiental
_922672
650 _aAprendizaje
_92143
700 _aAragón, Rodolfo (redacción)
_935131
700 _aHuillca, Ángeles (ilustraciones)
_935132
710 _aServicios Gráficos JMD.
_935133
942 _2ddc
_cLIBROS
945 _aachl
_d2019-04-30